000 01031nam a2200277Ia 4500
003 OSt
005 20221005111331.0
006 a|||||r|||| 00| 0
007 ta
008 221004b |||||||| |||| 00| 0 hin d
020 _a9789387648906 (hbk)
_cINR 595.00
024 _a43358
037 _bGV793, 21/02/2019, Vani Prakashan
_cTextual
040 _aCRL
_cCRL
_bhin
041 _2hin
_ahin
082 _aO152,1N60x, Q8
100 _aबेचैन, श्यौराज सिंह, ले.
245 0 _aभोर के अॅंधेरे में
246 _aBhor ke aॅandhere mean
260 _aनई दिल्ली
_bवाणी प्रकाशन भारत
_c2018
300 _a224पृ0
_ccm.
650 _a हिन्दी साहित्य
650 _aहिन्दी कविता
942 _hO152,1N60x, Q8
_cTEXL
_2cc
999 _c1021520
_d1021520